000
00339nam a2200133Ia 4500
008
240624s9999 xx 000 0 und d
041
_a
eng
082
_a
658.4 BLA
100
_a
BLACK BRANDON
245
_a
EGO FREE LEADERSHIP ENDING THE UNCONSCIO
260
_c
2017
_a
Texas
_b
Greenleaf
300
_a
xxii, 248 p.; 23 cm.
365
_c
_b
33
999
_c
32194
_d
32194